000 00312nam a2200121Ia 4500
008 191201s2019 xx 000 0 und d
100 _aSHARMA,K.L.
245 0 _aGeneral Workshop Practice: Manufacturing Practice
260 _aN. Delhi
_bIndia Pub House
300 _aNULL
650 _aB.Tech(ME)
942 _2ddc
_cBK
999 _c480
_d480